| 000 | 00726nam a2200241 a 4500 | ||
|---|---|---|---|
| 001 | 000026769 | ||
| 003 | OSt | ||
| 005 | 20240509192332.0 | ||
| 008 | 110325s1957 dr 000 0 spa d | ||
| 040 |
_aDO-SdBNP _bspa _cBNPHU |
||
| 041 | _hspa | ||
| 049 | _aBNPD | ||
| 082 | 7 | 4 |
_a234.165 _bR894m _222 |
| 100 | 1 |
_aRuano, P. Nazario _953877 |
|
| 245 | 1 | 0 |
_aMatrimonio / _cP. Nazario Ruano. |
| 260 |
_aCiudad Trujillo, República Dominicana, : _bArqueros, _c1957. |
||
| 300 |
_a122 p. ; _c22 cm. |
||
| 490 | 1 | _aArqueros (Verso y prosa) | |
| 650 | 0 |
_aMatrimonio _xAspectos religiosos _xEtica del matrimonio _9797 |
|
| 830 | 0 |
_aArqueros (Verso y prosa) _953878 |
|
| 910 | _aValidado. Control de calidad MAA | ||
| 942 |
_2ddc _cLBS1 |
||
| 999 |
_c26261 _d26261 |
||